Purchasing and Supply Management: Text and Cases (Record no. 2585)

MARC details
005 - DATE AND TIME OF LATEST TRANSACTION
control field 20250523153319.0
020 ## - INTERNATIONAL STANDARD BOOK NUMBER
International Standard Book Number 0-07-037089-3
082 ## - DEWEY DECIMAL CLASSIFICATION NUMBER
Classification number 658.7 DOB
100 ## - MAIN ENTRY--PERSONAL NAME
Author name DOBLER, D . W .
245 ## - TITLE STATEMENT
Title Purchasing and Supply Management: Text and Cases
250 ## - EDITION STATEMENT
Edition statement 6th Ed.
260 ## - PUBLICATION, DISTRIBUTION, ETC.
Place of publication, distribution, etc. New - Delhi,
Name of publisher, distributor, etc. Tata McGraw-Hill,
Date of publication, distribution, etc. 1996.
300 ## - PHYSICAL DESCRIPTION
Extent xv, 963p.: ill.; figure, table,
Other physical details bibliography, reference & index,
Dimensions 23cm.
700 ## - ADDED ENTRY--PERSONAL NAME
Other authors/Editors BURT, D . N .
942 ## - ADDED ENTRY ELEMENTS (KOHA)
Source of classification or shelving scheme Dewey Decimal Classification
Koha item type Books
Holdings
Date last seen Total checkouts Full call number Barcode Cost, replacement price Price effective from Koha item type Lost status Source of classification or shelving scheme Damaged status Not for loan Withdrawn status Home library Current library Shelving location Date acquired Cost, normal purchase price
05/23/2025   658.7 DOB 0000009725 90000.00 05/23/2025 Books   Dewey Decimal Classification       College of Business Education Main Library College of Business Education Main Library General Collection 02/11/2002 30000.00